All 1M+ Cities in Latin America - Statistics

General Stats
  • This quiz has been taken 33 times
  • The average score is 57 of 81
Answer Stats
Rank Population Answer % Correct
31 2.38 m Asunción
100%
6 10.8 m Bogotá
100%
16 3.90 m Brasília
100%
3 17.0 m Buenos Aires
100%
17 3.88 m Caracas
100%
20 3.40 m Guatemala City
100%
5 12.2 m Lima
100%
1 25.6 m Mexico City
100%
52 1.45 m Panama City
100%
25 2.93 m Quito
100%
4 13.6 m Rio de Janeiro
100%
7 8.60 m Santiago
100%
2 22.7 m São Paulo
100%
9 6.00 m Guadalajara
97%
40 1.89 m La Paz
97%
43 1.82 m Montevideo
97%
29 2.48 m San José
97%
15 3.95 m Santo Domingo
97%
10 5.35 m Belo Horizonte
93%
11 4.43 m Medellín
93%
24 3.00 m Cali
90%
19 3.43 m Guayaquil
90%
36 2.15 m Havana
90%
54 1.42 m Managua
90%
8 6.30 m Monterrey
90%
65 1.24 m Tegucigalpa
90%
42 1.83 m Córdoba
87%
18 3.83 m Fortaleza
87%
21 3.40 m Salvador
87%
39 1.91 m San Juan
87%
47 1.59 m San Salvador
87%
30 2.43 m Barranquilla
83%
46 1.66 m Ciudad Juárez
83%
22 3.38 m Curitiba
83%
34 2.30 m Manaus
83%
12 4.34 m Puebla
83%
13 4.10 m Recife
83%
72 1.14 m Cancún
80%
49 1.53 m Rosario
80%
33 2.35 m Tijuana
80%
35 2.20 m Belém
77%
26 2.88 m Maracaibo
77%
14 3.95 m Porto Alegre
77%
38 1.99 m Santa Cruz
77%
63 1.27 m Cartagena
73%
37 2.13 m Valencia
73%
32 2.35 m León
67%
69 1.19 m Mendoza
67%
66 1.23 m Arequipa
63%
28 2.55 m Goiânia
63%
55 1.42 m Mérida
63%
62 1.28 m Aguascalientes
57%
58 1.37 m Natal
57%
59 1.36 m San Pedro Sula
57%
48 1.54 m São Luís
57%
27 2.78 m Toluca
57%
77 1.07 m Valparaíso
57%
23 3.23 m Campinas
53%
74 1.09 m Chihuahua
53%
60 1.29 m Cochabamba
53%
56 1.40 m Bucaramanga
50%
53 1.44 m San Luis Potosí
50%
73 1.12 m Tucumán
50%
61 1.29 m Florianópolis
47%
41 1.88 m Vitória
47%
57 1.37 m Barquisimeto
43%
50 1.50 m Maracay
43%
45 1.77 m Santos
43%
70 1.16 m Cúcuta
37%
68 1.22 m Maceió
37%
51 1.46 m Torreón
37%
67 1.22 m João Pessoa
33%
44 1.81 m Querétaro
33%
71 1.16 m Saltillo
33%
81 1.00 m Cuiabá
30%
79 1.05 m Teresina
30%
64 1.24 m Cuernavaca
27%
80 1.02 m Culiacán
27%
76 1.07 m Morelia
23%
78 1.05 m Londrina
20%
75 1.09 m São José dos Campos
17%
No matching quizzes found
Score Distribution
Percent of People with Each Score
Percentile by Number Answered
Your Score History
You have not taken this quiz